00386nam a2200121Ia 4500008004100000082002000041100002900061245004100090260004400131300000900175630001800184650006200202211109s9999||||xx |||||||||||||| ||und|| a894.8123bRAM-P aRamachandran, Puthussery 0aPuthussery Ramachandrante Kavithakal bSahithya Pravarthaka...aKottayamc1988 a267p xGENERAL STACK aMALAYALAMvMALAYALAM LITERATURExMALAYALAM NOVELMalayalam